01076nam a2200241 i 450000100060000000300090000600500170001500700030003200800410003510000370007624501870011325000270030026000390032730000390036649000670040550000350047270000460050771000360055383000750058985200320066499900170069695201210071399442ES-MaACL20230906182510.0t|050908s1982 sp ||||1| spa d1 aMartínez, Crisóstomo.97772913aEl atlas anatómico de Crisóstomo Martínez b: grabador y microcopista del siglo XVII / cCrisóstomo Martínez; estudio y transcripción de José María López Piñeiro. a2ª ed. brev. y ampl. aValencia : bAyuntamiento, c1982. a98 p., lám. I-XIX (1) ; c32 cm.1 aPublicaciones del Archivo Municipal de Valencia. Serie Segunda a(1).- Las tres últimas pleg.1 aLópez Piñeiro, José María.9738941 aValencia. bAyuntamiento.975310 aPublicaciones del Archivo Municipal de Valencia. Serie Segunda9232394 aES-MaACLjL-2060 bR.103196 c99442d99442 00104070aATENEOMbATENEOMcDEPO2d2008-01-17eSCl0oL-2060p1103835r2023-02-23 00:00:00w2023-02-23yMONOGRAFIA